000 00487cam a2200193ua 4500
001 9249
005 20260515114439.0
008 150224n ii |||gr||||Z||||||eng
040 _cMAIN
041 _aeng
082 _a050
100 _aMalhotra, A. M.,
_eAuthor.
245 1 _aModel solutions to railway recruitment board exm
_cBy A. M. Malhotra
250 _a14th rev.
260 _aDelhi:
_bBright,
_c2006.
300 _a132p.
653 _aGeneral serial publications
942 _cBK
999 _c8311
_d8311